000
00276nam a2200121Ia 4500
008
190216s9999||||xx |||||||||||||| ||und||
100
_a
Vygodsky M
245
0
_a
Mathematical Handbook
250
_a
1984th Ed.
260
_b
Mir Publishers
_c
1984
300
_a
872
942
_c
BK
999
_c
30925
_d
30925